Effective class management: a practical approach

Guardat en:
Dades bibliogràfiques
Autor principal: Underwood, Mary (Autor)
Format: Llibre
Idioma:anglès
Publicat: Londres Longman 1987
Edició:1a. ed
Col·lecció:Longman Keys to Language Teaching
Matèries:
Etiquetes: Afegir etiqueta
Sense etiquetes, Sigues el primer a etiquetar aquest registre!

MARC

LEADER 00000nam a2200000 a 4500
001 UCK8034
003 CL-VaPUC
008 060113e19870000UK |||||||||||||||||eng|d
020 |a 0582746221 
082 0 4 |a 428.007  |b UND  |2 21 
100 0 |a Underwood, Mary  |e author  |9 497819 
245 1 0 |a Effective class management: a practical approach 
250 |a 1a. ed 
300 |a 96 p 
942 |c BK 
945 |d 20060113 00:00:00  |a cmena 
260 |a Londres  |b Longman  |c 1987 
650 0 |a Educación lingüística  |9 306506 
650 0 |a Inglés  |9 260023 
650 0 |a Métodos de enseñanza  |9 270413 
650 0 |a Enseñanza del inglés  |9 367340 
650 0 |a Rol del docente  |9 329733 
583 |a last modification  |c 20060113 00:00:00  |k Rodrigo Vera 
490 0 |a Longman Keys to Language Teaching 
999 |c 315866  |d 315864 
952 |0 0  |1 0  |4 0  |6 428_007000000000000_UND_1987  |7 0  |8 A  |9 389687  |a BIBEDU  |b BIBEDU  |d 2019-11-22  |i 4202724  |o 428.007 UND 1987  |p 4202724  |r 2019-11-22  |w 2019-11-22  |y BK  |k LIT